Представление документа в формате MARC21

Поле Инд. ПП Название Значение
Тип записи a
Библиографический уровень m
001 Контрольный номер 380797dc-e71c-493c-b813-f67c6a312c61
005 Дата корректировки 20140703174428.3
008 Кодируемые данные 090127
020 c Цена, тираж 160.00
a ISBN 978-5-94052-164-8
040 a Служба первич. каталог. НБ ТвГУ
041 a Код языка текста rus
080 a Индекс УДК 524
084 a Индекс другой классификации/Индекс ББК В662
090 a Полочн. индекс В662
x Авторский знак З-43
100 a Автор Архипова Вера Петровна
q Полное имя Архипова В. П.
245 00 a Заглавие Звезды
c Ответственность ред.-сост. В. Г. Сурдин
260 0_ a Место издания Москва
b Издательство ФИЗМАТЛИТ
c Дата издания 2008
300 a Объем 427 с.
440 a Серия Астрономия и астрофизика
n Номер части Кн. 3
504 a Библиография Библиогр. в конце гл.
583 a Действие Получение впервые 4 23.01.2009
k Исполнитель действия Дар РГГУ
650 a Основная рубрика Астрономия
650 14 a Основная рубрика Звезды
653 a Ключевые слова Астрономия
a Ключевые слова Звезды
666 a К рн
700 a Другие авторы Блинников Сергей Иванович
q Полное имя Блинников, С. И.
700 1_ a Другие авторы Ламзин Сергей Анатольевич
q Полное имя Ламзин, С. А.
700 1_ a Другие авторы Попов Сергей Борисович
q Полное имя Попов, С. Б.
700 1_ a Другие авторы Прохоров Михаил Евгеньевич
q Полное имя Прохоров, М. Е.
700 1_ a Другие авторы Самусь Николай Николаевич
q Полное имя Самусь, Н. Н.
700 1_ a Другие авторы Сурдин Владимир Георгиевич
q Полное имя Сурдин, В. Г.
852 t Порядковый номер экземпляра 1
p Инвентарный номер 925496
863 t 00186250
888 a Бесплатные
920 a Оператор Густ
952 p 4.2009 160.00 1 925496
954 a Дата поступления на обработку 20090910
999 a Подразделение 2 Фил3